00620 2200265 4500001002100000005001500021035002000036008004100056020001500097082000800112084001400120100002000134245002900154250001400183260003600197300002500233650002100258502001200279504000800291990001100299990001100310990001100321990001100332990001100343INLIS00000000001388820260205095451 a0010-0821000967260205 g 0 ind  a9793289392 a005 a005 AND s0 aAndri Kristanto1 aStruktur Data Dengan C++ aCetakan 1 aYogyakarta :bGraha Ilmu,c2003 a396 halaman ;c23 cm 4aProgram Komputer a393-395 a391 a039748 a039747 a039749 a039750 a039751